000 01056nam a2200241Ia 4500
999 _c35770
_d35770
001 1652
003 GE_BSU
005 20240612162045.0
008 181216s2011||||ge |||||||||||||| ||geo||
020 _a9789941412615
040 _cGE_BSU
041 _ageo
080 _a531.2(075.8) ფ–385
100 _aფუტკარაძე, გ.
_92474
245 _aთეორიული მექანიკა (სტატიკა) :
_bინდივიდუალური დავალებების კრებული (დამხმარე სახელმძღვანელო) /
_cგ. ფუტკარაძე, თ. თურმანიძე.
264 _aბათუმი :
_bშოთა რუსთაველის სახ. უნ–ტი,
_c2011.
300 _a73 გვ. ;
_c20 სმ.
541 _h3 ლ.
653 _aთეორიული მექანიკა
653 _aფიზიკა
700 _aთურმანიძე, თ.
_eავტორი
_922409
942 _cBK
_2udc